Sports Quiz

Random Sports or Basketball Quiz
Score 0/79 Timer 14:00
0 Plays Today
% Correct
Andre Iguodala
95.3%
Andrew Bynum
91.4%
Andrei Kirilenko
89.7%
Al Jefferson
89.3%
Brandon Jennings
88.4%
Chauncey Billups
88%
Dwight Howard
84.5%
Chris Kaman
84.1%
Al Harrington
81.1%
Metta World Peace
79.8%
Josh Smith
79%
Mike Miller
78.5%
Nate Robinson
78.1%
JJ Redick
76.8%
Monta Ellis
76.8%
Michael Beasley
76.4%
Andris Biedrins
75.5%
Jarrett Jack
75.5%
Jermaine O'Neal
75.5%
Mike Dunleavy
73.4%
Mo Williams
72.5%
Marcus Camby
72.1%
Richard Jefferson
72.1%
Jose Calderon
71.2%
Kevin Martin
71.2%
Paul Millsap
71.2%
DeJuan Blair
70.8%
Ronny Turiaf
70.8%
Elton Brand
70.4%
Tyreke Evans
70.4%
Corey Brewer
68.7%
Nick Young
68.2%
Chris Copeland
67.8%
Marco Belinelli
67%
Tyler Hansbrough
67%
Carl Landry
66.5%
OJ Mayo
66.5%
Carlos Delfino
66.1%
Darren Collison
63.9%
Byron Mullens
63.1%
% Correct
Devin Harris
63.1%
DJ Augustin
62.7%
JJ Hickson
60.5%
Gary Neal
59.2%
Zaza Pachulia
58.4%
Keith Bogans
56.7%
Shaun Livingston
55.8%
Omri Casspi
53.2%
Earl Watson
52.8%
CJ Watson
51.9%
Samuel Dalembert
50.2%
Earl Clark
49.8%
Randy Foye
49.8%
Brandon Rush
48.9%
Greg Stiemsma
46.8%
Wesley Johnson
43.3%
Ronnie Brewer
42.9%
Jason Maxiell
42.5%
Beno Udrih
42.1%
DeMarre Carroll
41.6%
Cole Aldrich
40.8%
Alan Anderson
40.3%
Dorell Wright
38.2%
Fab Melo
37.8%
John Lucas
37.3%
Eric Maynor
36.5%
Marreese Speights
35.2%
Anthony Morrow
34.8%
Austin Daye
33.5%
Gustavo Ayon
33%
Ryan Gomes
30.5%
Jeff Pendergraph
27.9%
Toney Douglas
24.9%
Wayne Ellington
21.5%
Josh Harrellson
21%
Dan Gadzuric
18%
Reggie Williams
16.3%
Ronnie Price
13.3%
Donald Sloan
10.7%
Remove Ads.
Support Sporcle.
Get the best of Sporcle when you Go Orange. This ad-free experience offers more features, more stats, and more fun while also helping to support Sporcle. Thank you for becoming a member.

You're not logged in!

Compare scores with friends on all Sporcle quizzes.
OR
Log In

Show Comments

Extras

Top Quizzes Today


Score Distribution

Your Account Isn't Verified!

In order to create a playlist on Sporcle, you need to verify the email address you used during registration. Go to your Sporcle Settings to finish the process.

Report this User

Report this user for behavior that violates our Community Guidelines.

Details: